Canciones y percusiones: manual para la enseñanza creativa del solfeo elemental
Guardat en:
| Autor principal: | |
|---|---|
| Format: | Llibre |
| Idioma: | espanyol |
| Publicat: |
Santiago
Ediciones Universidad Católica de Chile
2014
|
| Edició: | 1a. ed |
| Matèries: | |
| Etiquetes: |
Afegir etiqueta
Sense etiquetes, Sigues el primer a etiquetar aquest registre!
|
MARC
| LEADER | 00000cam a2200000 a 4500 | ||
|---|---|---|---|
| 001 | UCE5922 | ||
| 003 | CL-VaPUC | ||
| 008 | 150312e20140800cl |||||||||||||||||spa|d | ||
| 020 | |a 9789561414617 | ||
| 082 | 0 | 4 | |a 780.77 |b ALL |2 21 |
| 100 | 0 | |a Allende Martínez, Gina |e author |9 578586 | |
| 245 | 1 | 0 | |a Canciones y percusiones: manual para la enseñanza creativa del solfeo elemental |
| 250 | |a 1a. ed | ||
| 300 | |a 315 p | ||
| 942 | |c BK | ||
| 945 | |d 20150312 12:37:00 |a arojas | ||
| 260 | |a Santiago |b Ediciones Universidad Católica de Chile |c 2014 | ||
| 650 | 0 | |a Solfeo |9 460401 | |
| 650 | 0 | |a Métodos de enseñanza |9 270413 | |
| 650 | 0 | |a Estudio e instrucción |9 306288 | |
| 650 | 0 | |a Educación musical |9 310072 | |
| 583 | |a last modification |c 20150312 12:37:00 |k Rodrigo Vera | ||
| 999 | |c 358450 |d 358448 | ||
| 952 | |0 0 |1 0 |3 erb |4 0 |6 780_770000000000000_ALL_2014 |7 0 |8 R |9 467146 |a BIBEDU |b BIBEDU |i 5139457 |o 780.77 ALL 2014 |p 5139457 |r 2023-01-12 |w 2019-11-23 |y BK_R |z Catalogado en:20150312 |k MUS | ||
| 952 | |0 0 |1 0 |3 erb |4 0 |6 780_770000000000000_ALL_2014 |7 0 |8 R |9 467147 |a BIBEDU |b BIBEDU |i 5139465 |o 780.77 ALL 2014 |p 5139465 |r 2023-01-12 |w 2019-11-23 |y BK_R |z Catalogado en:20150312 |k MUS | ||